000 00754nam a2200253Ia 4500
003 OSt
005 20220918191806.0
006 a|||||r|||| 00| 0
007 ta
008 220917b |||||||| |||| 00| 0 eng d
024 _a65,077
037 _cTextual
040 _aARTS
_cARTS
_beng
041 _2eng
_aeng
082 _aR1xN08z7, K9;L5-;1(RD)
100 _aDavidson Donald Ed.
_927280
245 0 _aWords and objections
_b essays on the work of W V Quine
260 _aDordrecht
_bD Reidel pub.co.
_c1969
300 _a373p.
_ccm.
500 _arev. 1975
700 _a Hintikka Jaakko Ed.
_949058
942 _hR1xN08z7, K9;L5-;1(RD)
_cTEXL
_2CC
999 _c191414
_d191414